000
00312nam a2200121Ia 4500
008
210430s9999 xx 000 0 und d
082
_a
621.38173 Y21M
100
_a
Yang Edwards
_9
54802
245
_a
Microelectronic Devices
_c
Yang Edwards
260
_b
Mc Graw Hill
_c
1988
300
_a
447p.
942
_c
BK
_2
ddc
999
_c
565555
_d
565555